00743nam a2200181 a 4500008004100000050001500041100002200056245010500078246001700183250001500200260003200215300002100247350000900268650004100277995009500318999001700413952013100430120416s1964 ||||||||||||||||| || u aQA 331 Spi aSpiegel, Murray R10aSchaum's outline of theory and problems of complex variables with an introduction to conformal mappi aS. Lipschutz aSI(metric) aNew YorkbMcGraw-Hillc1964 a[vi] 313p. : ill a0.00 0aMATHEMATICS--HANDBOOKS, MANUALS, ETC D0.00FCBU-MAIN LIBRARY (Kitwe)H1I7.50M1UAVAILABLEZMain Library Open Access Collection c57018d57018 00102lcc4070a001b001cMain Library Open Access Collectiond2022-11-30l0oQA 331 Spip024472r2022-11-30w2022-11-30y002